Entry Personal Name
Number of records used in: 1
001 - CONTROL NUMBER
003 - CONTROL NUMBER IDENTIFIER
005 - DATE AND TIME OF LATEST TRANSACTION
- control field:
20231109161152.0
008 - FIXED-LENGTH DATA ELEMENTS
- fixed length control field:
050311n| acannaabn |n aaa
010 ## - LIBRARY OF CONGRESS CONTROL NUMBER
- LC control number:
n 2005017792
040 ## - CATALOGING SOURCE
- Original cataloging agency:
DLC
- Language of cataloging:
eng
- Transcribing agency:
DLC
100 1# - HEADING--PERSONAL NAME
- Personal name:
Hirschfelder, Umm AbdurRahman
670 ## - SOURCE DATA FOUND
- Source citation:
From monogamy to polygyny, 2003:
- Information found:
t.p. (Umm AbdurRahman Hirschfelder)